Statistiken für Alle Wes Anderson Spielfilme mit einer gelben Box

Klicken Sie hier um das Quiz zu spielen!

Allgemein

  • Dieses Quiz wurde 6 mal gespielt
  • Das Durchschnittsergebnis liegt bei 8 aus 11

Antwortstatistiken

HintAntwort% Korrekt
2023Asteroid City
100%
2009Fantastic Mr. Fox
100%
2014Grand Budapest Hotel
100%
2018Isle of Dogs
100%
2007Darjeeling Limited
80%
1998Rushmore
80%
2021The French Dispatch
80%
2001The Royal Tenenbaums
60%
1996Bottle Rocket
40%
2012Moonrise Kingdom
40%
2004The Life Aquatic with Steve Zissou
40%

Verteilung der Resultate

Perzentil nach korrekt beantworteten Fragen

Anzahl Personen mit jedem Resultat

Ihre Resultats-Entwicklung

Sie haben dieses Quiz noch nicht gespielt